MARC

Tag First Indicator Second Indicator Subfields
LEADER 00000cam a22000003i 4500
001 in00002503578
005 20190327173456.0
006 m||||||||d||||||||
007 cr |n ---||a|a
008 690328s1969 nyu sb 001|0 eng d
010 |a  69019457  
035 |9 (DLC) 69019457 
035 |a (VaAlASP)ASPS00017250/bltc 
040 |a DLC  |c DLC  |d DLC  |d VaAlASP  |d UtOrBLW 
043 |a n-us--- 
050 0 0 |a PS351  |b .A2 
082 0 0 |a 812/.5/09 
100 1 |a Abramson, Doris E. 
245 1 0 |a Negro playwrights in the American theatre, 1925-1959 /  |c [by] Doris E. Abramson. 
264 1 |a New York :  |b Columbia University Press,  |c 1969. 
300 |a xii, 335 pages ;  |c 23 cm. 
336 |a text  |b txt  |2 rdacontent 
337 |a computer  |b c  |2 rdamedia 
338 |a online resource  |b cr  |2 rdacarrier 
504 |a Bibliography: pages [307]-317. 
533 |a Electronic reproduction.  |b Alexandria, VA :  |c Alexander Street Press,  |d 2007.  |f (Black thought and culture).  |n Available via World Wide Web. 
500 |a Electronic resource. 
650 0 |a American drama  |x African American authors  |x History and criticism. 
650 0 |a American drama  |y 20th century  |x History and criticism. 
650 0 |a African Americans  |x Intellectual life  |y 20th century. 
650 0 |a Theater  |z United States  |x History  |y 20th century. 
650 0 |a African Americans in literature. 
650 0 |a African American theater. 
655 0 |a Electronic books. 
776 1 |c Original  |w (DLC) 69019457  
830 0 |a Black thought and culture. 
856 4 0 |z Connect to the full text of this electronic book  |u http://proxy.library.tamu.edu/login?url=http://www.aspresolver.com/aspresolver.asp?BLTC;S17250  |t 0 
999 |a MARS 
999 f f |s 2a290a0e-13e9-3dde-8c29-1ac8470b3d7f  |i 16e63984-3eca-3013-9863-7764029cf4ff  |t 0 
952 f f |a Texas A&M University  |b College Station  |c Electronic Resources  |d Available Online  |t 0  |e PS351 .A2  |h Library of Congress classification 
998 f f |a PS351 .A2  |t 0  |l Available Online